Curso de filosofía elemental
Uloženo v:
| Hlavní autor: | |
|---|---|
| Médium: | Kniha |
| Jazyk: | španělština |
| Vydáno: |
París
Ch. Bouret
1913
|
| Témata: | |
| Tagy: |
Přidat tag
Žádné tagy, Buďte první, kdo vytvoří štítek k tomuto záznamu!
|
MARC
| LEADER | 00000nam a2200000 a 4500 | ||
|---|---|---|---|
| 001 | UCZ4702 | ||
| 003 | CL-VaPUC | ||
| 008 | 951110e19130000FR |||||||||||||||||spa|d | ||
| 082 | 0 | 4 | |a 100 |b BAL |2 21 |
| 100 | 0 | |a Balmes Urpiá, Jaime Luciano |e author |9 348714 | |
| 245 | 1 | 0 | |a Curso de filosofía elemental |
| 300 | |a 708 p | ||
| 942 | |c BK | ||
| 945 | |d 19951110 00:00:00 |a lriquelm | ||
| 260 | |a París |b Ch. Bouret |c 1913 | ||
| 650 | 0 | |a Filosofía |9 223554 | |
| 650 | 0 | |a Lógica |9 256849 | |
| 650 | 0 | |a Ética |9 255099 | |
| 650 | 0 | |a Metafísica |9 265649 | |
| 650 | 0 | |a Estética |9 264950 | |
| 650 | 0 | |a Lingüística |9 265068 | |
| 650 | 0 | |a Psicología |9 257863 | |
| 650 | 0 | |a Escuelas filosóficas |9 266232 | |
| 583 | |a last modification |c 20190725 04:13:45 |k Rodrigo Vera | ||
| 999 | |c 241069 |d 241067 | ||
| 952 | |0 0 |1 0 |4 0 |6 100_000000000000000_BAL_1913 |7 0 |8 P |9 253220 |a BIBEDU |b BIBEDU |c BIBEDU_PB |d 2019-11-19 |i 1597442 |o 100 BAL 1913 |p 1597442 |r 2024-01-25 |w 2019-11-19 |y BK |k FIL | ||